Statistics for Countries Most Similar To China

Click here to take the quiz!

General Stats

  • This quiz has been taken 162 times
    (131 since last reset)
  • The average score is 13 of 20

Answer Stats

RankCountryScore% Correct
5Japan58.1
97%
3North Korea62.1
96%
4South Korea59.4
96%
1Taiwan68.8
94%
2Vietnam65.1
91%
8Thailand57.1
87%
7Mongolia57.3
86%
13Laos54.7
78%
19Cambodia53.0
77%
17Malaysia53.4
76%
9Singapore55.7
75%
16Myanmar53.7
66%
6Kazakhstan57.5
61%
12Kyrgyzstan55.0
55%
14Tajikistan54.6
54%
10Uzbekistan55.4
54%
20Iran52.6
31%
15Turkey54.5
25%
11Azerbaijan55.3
18%
18Serbia53.3
14%

Score Distribution

Percentile by Number Answered

Percent of People with Each Score

Your Score History

You have not taken this quiz since the last reset